Реакция радиолиза перхлоратов калия, рубидия и цезия: Диссертация на соискание ученой степени кандидата химических наук

Bibliografiske detaljer
Hovedforfatter: Васильев А. А.
Institution som forfatter: Томский политехнический институт
Andre forfattere: Захаров Ю. А. (научный руководитель), Сериков Л. В.
Sprog:russisk
Udgivet: Томск, 1971
Fag:
Format: MixedMaterials Bog
KOHA link:https://koha.lib.tpu.ru/cgi-bin/koha/opac-detail.pl?biblionumber=133932

MARC

LEADER 00000nbm0a2200000 4500
001 133932
005 20231101220447.0
035 |a (RuTPU)RU\TPU\book\145175 
090 |a 133932 
100 |a 20080324d1971 k y0rusy50 ca 
101 0 |a rus 
102 |a RU 
105 |a a m 001zy 
200 1 |a Реакция радиолиза перхлоратов калия, рубидия и цезия  |e Диссертация на соискание ученой степени кандидата химических наук  |f А. А. Васильев  |g Томский политехнический институт ; науч. рук. Ю. А. Захаров , Л. В. Сериков 
210 |a Томск  |d 1971 
215 |a 199 л.  |c ил. 
320 |a Библиогр.: с. 193-199 (122 назв.) 
606 1 |a Радиолиз  |2 stltpush  |3 (RuTPU)RU\TPU\subj\70764  |9 84969 
606 1 |a Щелочные металлы, перхлораты  |x Химия  |2 stltpush  |3 (RuTPU)RU\TPU\subj\75075  |9 86956 
610 1 |a диссертации 
610 1 |a перхлорат калия 
610 1 |a перхлорат рубидия 
610 1 |a перхлорат цезия 
610 1 |a добавки 
610 1 |a соли 
610 1 |a образцы 
610 1 |a дозиметры 
610 1 |a спектры 
610 1 |a параметры 
610 1 |a измерение 
610 1 |a кристаллические решетки 
610 1 |a труды учёных ТПУ 
675 |a 544.54(04)  |v 3 
675 |a 546.31(04)  |v 3 
700 1 |a Васильев  |b А. А. 
702 1 |a Захаров  |b Ю. А.  |4 727 
702 1 |a Сериков  |b Л. В.  |4 727 
712 0 2 |a Томский политехнический институт  |z 1944-1991  |2 stltpush  |3 (RuTPU)RU\TPU\col\1123 
801 1 |a RU  |b 63413507  |c 20080324  |g PSBO 
801 2 |a RU  |b 63413507  |c 20160215  |g RCR 
942 |c BK